=LDR 00000nam 2200000 4500 =001 INLIS000000000013685 =005 20130612105034 =008 ***********************************Ind** =035 ##$$0010-061300000013685 =041 ##$$a Ind =082 ##$$a R.331.310 21 =090 ##$$a R.331.310 21, Lap l =245 ##$$a Laporan sosial Indonesia 2001, Pekerja anak =260 ##$$a 2001 $b Jakarta =300 ##$$a 83 hlm, 29 cm =650 ##$$a Anak - Tenaga kerja =850 ##$$a NBPNMAT